Datum a čas kvízu
34.5
Celkem bodů
Celkový počet nahraných bodů na tomto kvízu bez doplňovacích otázek.
4.
Pořadí na kvízu
Konečné umístění týmu na tomto kvízu.
Zaznamenané odpovědi
| # | Otázka | Odpověď | Body | Výsledky |
|---|---|---|---|---|
| 1. | Jistý zlomyslný muž odstranil... | v Brně | 0 | |
| 2. | Jihokorejská vláda nasadila na... | na hledání štěnic | 0 | |
| 3. | Jeden z nejkrásnějších, ale té... | Jennifer Lopez, Ben Affleck | 1 | |
| 4. | Fanoušci značky Škoda vybrali... | Kylaq | 1 | |
| 5. | Při fotbalovém zápase peruánsk... | močil (u rohového praporku) | 1 | |
| 6. | Historie Texasu je těsně spoje... | San Antonio | 0 | |
| 7. | Jak se jmenuje řeka, která tvo... | Rio Grande (Rio Bravo) | 0 | |
| 8. | V jižním cípu Texasu se nacház... | Boca Chica | 1 | |
| 9. | Jak se jmenoval americký polit... | Stephen F. Austin | 0 | |
| 10. | Mezi několik známých osobností... | Eva Longoria, Zoufalé manželky | 0.5 |